000 01241cam a22003497a 4500
003 CHAP
005 20220329141830.0
008 971125d1997 mx a r 00110 spa d
010 _a74515
011 _a75487
035 _a85051
040 _cCHAP
090 _aTesis
100 0 0 _aMartínez Hidalgo, Joel Alexander.
_972170
245 1 0 _aAnálisis de dos variedades de lenteja (Lens culinaris L.)
_c/por Joel Alexander Martínez Hidalgo y Aristeo Vargas Charco
260 _aChapingo, Méx. :
_bEl autor,
_c1997.
300 _a93 h. :
_bilus. ; gráfs.
502 _aTesis (Ing. Agr. Esp. en Fitotecnia) -- UACH. Departamento de Fitotecnia
590 _aALEPH
_b10
_c20130110
_lUCH01
_h1419
590 _aBATCH-UPD
_b10
_c20130110
_lUCH01
_h0422
590 _aBATCH-UPD
_b10
_c20130110
_lUCH01
_h2232
590 _aBATCH-UPD
_b10
_c20130410
_lUCH01
_h0057
590 _aBATCH-UPD
_b10
_c20130914
_lUCH01
_h1722
590 _aCONVERSION
_b10
_c20130109
_lUCH01
_h1341
650 1 4 _aLenteja
_xCrecimiento.
_966015
650 1 4 _aLenteja
_xVariedades.
_966038
901 _aBK
905 _aGuadalupe Pinto C.
942 _cFOLL
949 _bBC
_cTES
_d33724000638862
_eTS2
_fc.2
_h31780
_i85051
_si
949 _bBC
_cTES
_d850511
_eTS1
_h31779
_i85051
_sb
999 _c74515
_d74515